MARC

LEADER 00000nam0a2200000 4500
001 73535
005 20231031084442.0
035 |a (RuTPU)RU\TPU\book\78465 
090 |a 73535 
100 |a 20050217d1967 m y0rusy50 ca 
101 0 |a rus 
102 |a RU 
105 |a a j 001zy 
200 1 |a Тепловые электрические станции и их технологическое оборудование  |e учебник  |f Л. Д. Гинзбург-Шик, А. П. Бордюков 
210 |a Москва  |c Энергия  |d 1967 
215 |a 403 с.  |c ил. 
320 |a Библиогр.: с. 398. 
610 1 |a тепловые электрические станции 
610 1 |a учебники 
610 1 |a технологическое оборудование 
610 1 |a типы тепловых электростанций 
610 1 |a топливо 
610 1 |a сжигание 
610 1 |a котельные агрегаты 
610 1 |a монтажное оборудование 
610 1 |a контроль 
610 1 |a автоматика 
675 |a 621.311.22(075.32)  |v 3 
700 1 |a Гинзбург-Шик  |b Л. Д.  |g Лев Давидович 
701 1 |a Бордюков  |b А. П.  |g Александр Петрович 
801 1 |a RU  |b 63413507  |c 20050217  |g PSBO 
801 2 |a RU  |b 63413507  |c 20200917  |g PSBO 
942 |c BK